000 00400nam a2200169Ia 4500
001 14887
003 IN-NITTTR
005 20251114233140.0
008 251113s9999||||xx |||||||||||||| ||eng||
040 _beng
040 _cIN-NITTTR
041 _aeng
082 _a620.00452 S34C
100 _aSrinath, L. S.
245 0 _aConcepts in reliability engineering /
_cSrinath, L. S.
942 _2ddc
_cBK
999 _c17523
_d17523